000 00752nam a2200193Ia 4500
008 151121s9999||||xx |||||||||||||| ||und||
082 _a814/कुंभार
082 _bHNW-68575
100 _aकुंभार नागोराव - संपा।
245 _aश।द। जावडेकर: विचारदर्शन
260 _bप्रबोधन।
260 _c--
300 _a106
600 _aकुंभार नागोराव - संपा।
630 _aश।द। जावडेकर: विचारदर्शन
700 _aकुंभार नागोराव - संपा।
730 _aश।द। जावडेकर: विचारदर्शन
942 _cBOOK
999 _c1250069
_d1250066